Инфекционные болезни учебник
Второе издание учебника существенно переработано и дополнено в соответствии с изменениями в структуре заболеваемости различными нозоформами инфекционных болезней и их экономической значимости, с новыми достижениями в инфектологии и изменениями в учебной программе.Учебник предназначен студентам лечеб...
Đã lưu trong:
| Định dạng: | Книга |
|---|---|
| Những chủ đề: | |
| Truy cập trực tuyến: | https://www.studentlibrary.ru/book/ISBN9785970436219.html |
| Các nhãn: |
Thêm thẻ
Không có thẻ, Là người đầu tiên thẻ bản ghi này!
|
| LEADER | 03047nam a2200481 4500 | ||
|---|---|---|---|
| 001 | book/ISBN9785970436219 | ||
| 005 | 20250903142001.0 | ||
| 010 | |a 978-5-9704-3621-9 | ||
| 100 | |a 20131129c2016 u y0rusy50 ca | ||
| 101 | | | |a rus | |
| 102 | |a RU | ||
| 105 | |a ||||||||000yy | ||
| 200 | 1 | |a Инфекционные болезни |e учебник |f Аликеева Г.К., Венгеров Ю.Я., Гагарина И.В., Гаджикулиева М.М., Еремушкина Я.М., Знойко О.О., Кареткина Г.Н., Климова Е.А., Кулагина М.Г., Кускова Т.К., Максимов С.Н., Матвеева С.М., Мигманов Т.Э., Нагибина М.В., Огиенко О.Л., Розенблюм А.Ю., Сундуков А.В., Тимченко О.Л., Шестакова И.В., Ющук Н.Д. | |
| 210 | 1 | |a Москва |c ГЭОТАР-Медиа |d 2016 | |
| 215 | |a 704 c. | ||
| 330 | |a Второе издание учебника существенно переработано и дополнено в соответствии с изменениями в структуре заболеваемости различными нозоформами инфекционных болезней и их экономической значимости, с новыми достижениями в инфектологии и изменениями в учебной программе.Учебник предназначен студентам лечебных и медико-профилактических факультетов медицинских вузов. Он также может быть использован для под- готовки по курсу тропической медицины и для последипломной подготовки врачей по специальности "Инфекционные болезни". | ||
| 610 | 0 | |a Инфекционные болезни | |
| 610 | 0 | |a Клиническая медицина | |
| 675 | |a 616.9(075.8) | ||
| 686 | |a 55.14С?73-1 |2 rubbk | ||
| 701 | 1 | |a Аликеева |b Г.К. | |
| 701 | 1 | |a Венгеров |b Ю.Я. | |
| 701 | 1 | |a Гагарина |b И.В. | |
| 701 | 1 | |a Гаджикулиева |b М.М. | |
| 701 | 1 | |a Еремушкина |b Я.М. | |
| 701 | 1 | |a Знойко |b О.О. | |
| 701 | 1 | |a Кареткина |b Г.Н. | |
| 701 | 1 | |a Климова |b Е.А. | |
| 701 | 1 | |a Кулагина |b М.Г. | |
| 701 | 1 | |a Кускова |b Т.К. | |
| 701 | 1 | |a Максимов |b С.Н. | |
| 701 | 1 | |a Матвеева |b С.М. | |
| 701 | 1 | |a Мигманов |b Т.Э. | |
| 701 | 1 | |a Нагибина |b М.В. | |
| 701 | 1 | |a Огиенко |b О.Л. | |
| 701 | 1 | |a Розенблюм |b А.Ю. | |
| 701 | 1 | |a Сундуков |b А.В. | |
| 701 | 1 | |a Тимченко |b О.Л. | |
| 701 | 1 | |a Шестакова |b И.В. | |
| 701 | 1 | |a Ющук |b Н.Д. | |
| 801 | 0 | |a RU |b Geotar |c 20131129 |g RCR |2 rusmarc | |
| 801 | 1 | |a RU |b Geotar |c 20131129 | |
| 856 | 4 | |u https://www.studentlibrary.ru/book/ISBN9785970436219.html | |